Guess the Video Game by the Picture - Statistics

General Stats
  • This quiz has been taken 102 times
  • The average score is 10 of 12
Answer Stats
Picture Answer % Correct
Minecraft
99%
Roblox
96%
Tetris
96%
Fortnite
94%
Mario Kart
94%
Pokémon GO
93%
Five Nights at Freddy's
91%
Plants vs. Zombies
90%
Call of Duty
84%
PUBG
83%
Clash Royale
81%
Boom Beach
44%
No matching quizzes found
Score Distribution
Percent of People with Each Score
Percentile by Number Answered
Your Score History
You have not taken this quiz